01637nab a22002777a 4500999001500000003000400015005001700019008004100036040000700077100003500084245020600119260007300325300001500398500007300413505034500486505010600831505008900937650003501026650003101061650003201092650002801124650002701152650002701179773014001206942001301346 c6340d6340OSt20260130215329.0190603e xxum|||| |||| 00| 0 spa d cPJ 96419aPirchio, Federico Carlos13aEl derecho a la vivienda frente a la obligación de restitución del inmueble :banálisis del caso desde el paradigma del Estado de derecho constitucional-convencional / cFederico Carlos Pirchio.  cCiudad Autónoma de Buenos Aires :aThomson Reuters La Ley, b2025. ap. 222-230 aCita: TR LALEY AR/DOC/2250/2025 Publicado en: RCCyC 2025 (Octubre). aSumario: I. El fallo en análisis y la problemática planteada.— II. La resolución del caso a la luz del paradigma del Estado de derecho constitucional-convencional.— III. La construcción de la respuesta jurídica en el caso bajo análisis.— IV. La vulnerabilidad como eje transversal del derecho privado.— V. Conclusión.  aFallo comentado: CNCiv., sala K ~ 05/05/2025 ~ F., C. A. c. C. Q., R. A. y otros s/ reivindicación. t¿Te interesa el texto completo? Solicitalo al correo: koha@justierradelfuego.gov.ar 091497aCODIGO CIVIL Y COMERCIAL 096327aDERECHO DE PROPIEDAD 09178aDERECHO CONSTITUCIONAL 095362aVIVIENDA FAMILIAR 092274aBIENES INMUEBLES 0aACCION REIVINDICATORIA0 0271393170dCiudad Autónoma de Buenos Aires : Thomson Reuters La Ley, 2015-tRevista Código Civil y Comercial. Nº 5 - Octubre 2025 2udccANA